000 02244nam a22002417a 4500
003 DO-SdBNP
005 20211020133604.0
007 ta
008 210607b 2006 dr 00| 0 eng d
020 _a9789993468745
040 _aDO-SdBNP
_bspa
_cBNPHU
082 4 _222
100 1 _aHernámdez Mejía, Edgar
_978750
245 1 3 _aLa violencia física en el derecho penal :
_bgolpes y heridas voluntarios, homicidio, asesinato, envenenamiento, infanticidio y la tentativa de éstos /
_cEdgar Hernández Mejía.
260 _aSanto Domingo :
_bEdiciones Jurídicas Trajano Potentini,
_c2006.
300 _a189 p. ;
_c21 cm.
500 _aIncluye datos biográficos del autor en las solapas
504 _aBibliografía : p. 189
505 2 _aÍndice --
_tPalabras de Dr. Edgar Hernández Mejía para esta Edición --
_tAporte de la Nueva Normativa Procesal Penal
_tLos Delitos de Sangre a la Luz del Código Procesal Penal --
_tLos Delitos de Sangre y las Medidas de Coerción previstas en el Código Procesal Penal --
_tLos Delitos de Sangre. Parte I
_tEstudio Jurídico sobre 28 Modalidades de los Delitos de Sangre. (Sus por qué, cómo y para qué) --
_tLos Delitos de Sangre. Parte II.
_tExordio --
_tEl Caso Paxton --
_tLas Cuatro Nuevas Modalidades de Delitos de Sangre --
_tLos Agresivos Compulsivos --
_tLos Horrorizados Violentos --
_tLos Eliminadores de Pruebas --
_tLos Codiciosos hasta la Rojez --
_t Los Delitos de Sangre. Parte III
_tIntroito --
_tLos Tres Nuevos Grupos de Autores de Delitos de Sangre --
_tLos Atacantes que Procuran Repudio Simbólico --
_tLos Autores de Violencia como Maniobras de Distracción --
_t Los Sangrientos Saboteadores --
_tLa interpretación de las evidencias físicas extraídas de la escena del crimen --
_tLos Delitos por Omisión o Inacción --
_tEtapas de la Actividad Criminal y la Punibilidad --
_t Delitos de Sangre y Necroscopia --
_tLas Órdenes Judiciales de Protección en favor de personas que podrían ser víctimas de Delito de Sangre --
_tLa Victimología; b) El Cuadro General Imputador; c) Los Errores Judiciales; d) Sobre la Seriedad de los Indicios; y e) El Buen Sentido de la Apreciación Penal .
590 _aInventariado, 2021 /LP
910 _aLopérez
942 _2ddc
_cLBS1
999 _c49883
_d49883